[Event "Nova Gorica op 25th"]
[Site "Nova Gorica"]
[Date "2020.01.30"]
[Round "9"]
[White "Leban, Matej"]
[Black "Skaslien, Ingrid"]
[Result "0-1"]
[WhiteElo "1893"]
[BlackElo "1781"]
[PlyCount "80"]
[EventDate "2020.01.24"]
[EventType "swiss"]
[EventRounds "9"]
[EventCountry "SLO"]
[SourceTitle "CBM 194"]
[Source "ChessBase"]
[SourceDate "2020.01.27"]
[SourceVersion "1"]
[SourceVersionDate "2020.01.27"]
[SourceQuality "1"]

1. e4 e6 2. d4 d5 3. e5 c5 4. c3 Nc6 5. Nf3 Bd7 6. Bd3 cxd4 7. cxd4 Qb6 8. 0-0 Nxd4 9. Nbd2 Nxf3+ 10. Nxf3 h6 11. Be3 Bc5 12. Bxc5 Qxc5 13. Rc1 Qb6 14. Qe2 Ne7 15. Rfd1 0-0 16. Nd4 Rac8 17. Rb1 a6 18. b4 Ba4 19. Rd2 Rc7 20. b5 Rfc8 21. h4 Rc1+ 22. Rxc1 Rxc1+ 23. Kh2 axb5 24. Nxb5 Bxb5 25. Bxb5 Ng6 26. g3 Nxe5 27. a4 Nc4 28. Rd3 Nd6 29. Qd2 Qc5 30. Rf3 Nxb5 31. axb5 Rc2 32. Qf4 Qc7 33. Qa4 Kh7 34. b6 Qc6 35. Qf4 f6 36. h5 Rc4 37. Qe3 Re4 38. Qb3 Qe8 39. Rc3 Qxh5+ 40. Kg2 Re1 0-1

[Event "Nova Gorica op 24th"]
[Site "Nova Gorica"]
[Date "2019.01.26"]
[Round "3"]
[White "Zamar Kodelja, Jurij"]
[Black "Leban, Matej"]
[Result "1-0"]
[WhiteElo "2281"]
[BlackElo "1883"]
[PlyCount "73"]
[EventDate "2019.01.25"]
[EventType "swiss"]
[EventRounds "9"]
[EventCountry "SLO"]
[SourceTitle "CBM 188 Extra"]
[Source "ChessBase"]
[SourceDate "2019.02.26"]
[SourceVersion "1"]
[SourceVersionDate "2019.02.26"]
[SourceQuality "1"]

1. Nf3 b6 2. g3 Bb7 3. Bg2 Nf6 4. 0-0 g6 5. d3 Bg7 6. e4 d6 7. c3 0-0 8. Re1 c5 9. h3 Nc6 10. Nbd2 b5 11. d4 Qb6 12. d5 Nb8 13. a4 a6 14. Nf1 Nbd7 15. Bf4 h6 16. g4 Rad8 17. Ng3 Kh7 18. Bf1 c4 19. axb5 axb5 20. b4 Ra8 21. Be3 Qc7 22. Nd4 Rxa1 23. Qxa1 Ra8 24. Qc1 Ba6 25. f4 Nb6 26. Bg2 Qd7 27. Nf3 Qc7 28. Bd4 Bb7 29. Qe3 Nbd7 30. Qf2 Ra3 31. g5 Ne8 32. Bxg7 Nxg7 33. gxh6 Kxh6 34. f5 Qb6 35. Nd4 Ne5 36. fxg6 fxg6 37. Ndf5+ 1-0

[Event "Nova Gorica op 23rd"]
[Site "Nova Gorica"]
[Date "2018.01.28"]
[Round "5"]
[White "Skrbec, Leon"]
[Black "Leban, Matej"]
[Result "0-1"]
[WhiteElo "1682"]
[BlackElo "1917"]
[PlyCount "76"]
[EventDate "2018.01.26"]
[EventType "swiss"]
[EventRounds "9"]
[EventCountry "SLO"]
[SourceTitle "CBM 182 Extra"]
[Source "ChessBase"]
[SourceDate "2018.02.23"]
[SourceVersion "1"]
[SourceVersionDate "2018.02.23"]
[SourceQuality "1"]

1. e4 c5 2. Nf3 d6 3. d4 cxd4 4. Nxd4 Nf6 5. Nc3 g6 6. Be3 Bg7 7. f3 0-0 8. Qd2 Nc6 9. 0-0-0 d5 10. Qe1 e5 11. Nxc6 bxc6 12. exd5 Nxd5 13. Bc4 Be6 14. Bb3 Qc7 15. Bc5 Rfd8 16. Ne4 a5 17. a4 Rab8 18. h4 h6 19. g4 f5 20. gxf5 gxf5 21. Nf2 Nf4 22. Rxd8+ Qxd8 23. Bxe6+ Nxe6 24. Ba3 Qd5 25. Nd3 Nd4 26. f4 Qc4 27. Qf2 e4 28. Ne5 Bxe5 29. fxe5 Nf3 30. Qg3+ Kh7 31. c3 Qe2 32. Rd1 Qe3+ 33. Kb1 Nd2+ 34. Rxd2 Qxg3 35. Rd7+ Kg8 36. e6 Re8 37. e7 e3 38. Rd8 Kf7 0-1

[Event "Nova Gorica op 23rd"]
[Site "Nova Gorica"]
[Date "2018.01.26"]
[Round "1"]
[White "Papler, Peter"]
[Black "Leban, Matej"]
[Result "1/2-1/2"]
[WhiteElo "1657"]
[BlackElo "1917"]
[PlyCount "29"]
[EventDate "2018.01.26"]
[EventType "swiss"]
[EventRounds "9"]
[EventCountry "SLO"]
[SourceTitle "CBM 182 Extra"]
[Source "ChessBase"]
[SourceDate "2018.02.23"]
[SourceVersion "1"]
[SourceVersionDate "2018.02.23"]
[SourceQuality "1"]

1. d4 Nf6 2. Nf3 e6 3. e3 b6 4. Bd3 Bb7 5. Nbd2 d6 6. 0-0 g6 7. b3 Bg7 8. Bb2 0-0 9. Re1 Nbd7 10. Rb1 a5 11. e4 a4 12. e5 Nd5 13. Be4 Qb8 14. exd6 cxd6 15. bxa4 1/2-1/2

[Event "SLO-chT2"]
[Site "Ljubljana"]
[Date "2007.11.24"]
[Round "7.4"]
[White "Ivetic, Saso"]
[Black "Leban, Matej"]
[Result "1/2-1/2"]
[WhiteElo "1976"]
[BlackElo "1948"]
[PlyCount "29"]
[EventDate "2007.11.15"]
[EventType "team"]
[EventRounds "9"]
[EventCountry "SLO"]
[SourceTitle "CBM 121 Extra"]
[Source "ChessBase"]
[SourceDate "2008.01.10"]
[SourceVersion "1"]
[SourceVersionDate "2008.01.10"]
[SourceQuality "1"]
[WhiteTeam "Kocevje"]
[BlackTeam "Tolmin"]
[WhiteTeamCountry "SLO"]
[BlackTeamCountry "SLO"]

1. e4 c5 2. Nf3 d6 3. d4 cxd4 4. Nxd4 Nf6 5. Nc3 g6 6. Be2 Bg7 7. Be3 0-0 8. g4 Nc6 9. Nb3 Be6 10. f4 Na5 11. g5 Ne8 12. Bd4 Rc8 13. Nxa5 Qxa5 14. Bxg7 Nxg7 15. Qd2 1/2-1/2

[Event "SLO-chT2"]
[Site "Ljubljana"]
[Date "2007.11.23"]
[Round "6.4"]
[White "Leban, Matej"]
[Black "Vospernik, Andrej"]
[Result "0-1"]
[WhiteElo "1948"]
[BlackElo "2199"]
[PlyCount "32"]
[EventDate "2007.11.15"]
[EventType "team"]
[EventRounds "9"]
[EventCountry "SLO"]
[SourceTitle "CBM 121 Extra"]
[Source "ChessBase"]
[SourceDate "2008.01.10"]
[SourceVersion "1"]
[SourceVersionDate "2008.01.10"]
[SourceQuality "1"]
[WhiteTeam "Trebnje BMP"]
[BlackTeam "Tolmin"]
[WhiteTeamCountry "SLO"]
[BlackTeamCountry "SLO"]

1. e4 d5 2. exd5 Nf6 3. d4 Qxd5 4. c4 Qe4+ 5. Ne2 e5 6. Nbc3 Bb4 7. Qa4+ Nc6 8. d5 Nxd5 9. cxd5 Bxc3+ 10. bxc3 Qxa4 11. dxc6 Qxc6 12. Bd2 Be6 13. Ng3 0-0-0 14. f3 Rxd2 15. Kxd2 Rd8+ 16. Kc2 Qa4+ 0-1

[Event "SLO-chT2"]
[Site "Ljubljana"]
[Date "2007.11.18"]
[Round "5.5"]
[White "Jokovic, Dusan"]
[Black "Leban, Matej"]
[Result "1/2-1/2"]
[WhiteElo "2171"]
[BlackElo "1948"]
[PlyCount "120"]
[EventDate "2007.11.15"]
[EventType "team"]
[EventRounds "9"]
[EventCountry "SLO"]
[SourceTitle "CBM 121 Extra"]
[Source "ChessBase"]
[SourceDate "2008.01.10"]
[SourceVersion "1"]
[SourceVersionDate "2008.01.10"]
[SourceQuality "1"]
[WhiteTeam "Gorenjka Lesce"]
[BlackTeam "Tolmin"]
[WhiteTeamCountry "SLO"]
[BlackTeamCountry "SLO"]

1. d4 Nf6 2. c4 g6 3. Nc3 d5 4. Nf3 Bg7 5. Qb3 c6 6. e3 0-0 7. Be2 Qb6 8. Nd2 Nbd7 9. cxd5 Qxb3 10. Nxb3 cxd5 11. 0-0 b6 12. Bf3 Bb7 13. Rd1 e6 14. Bd2 a6 15. Be1 Rac8 16. Rac1 Rfd8 17. Be2 Ne8 18. f3 Nd6 19. Nd2 Nf5 20. Bf2 Bh6 21. Nf1 Nd6 22. Rc2 Nc4 23. Nb1 Nd6 24. Rdc1 Rxc2 25. Rxc2 Rc8 26. Rxc8+ Bxc8 27. Nc3 Bb7 28. Bd3 f5 29. b3 Kf7 30. Bg3 Ke7 31. Kf2 Bg7 32. Ke2 Bh8 33. Na4 Bg7 34. Nd2 Bf6 35. Bb1 Bc6 36. Bd3 Bb7 37. Bf2 Kf7 38. Nc3 Bd8 39. a4 Be7 40. Bg3 Ne8 41. Na2 Bf8 42. h3 Be7 43. Bf2 Bd6 44. g4 Nef6 45. Be1 Ke7 46. g5 Ne8 47. f4 Kf7 48. Nf3 Bf8 49. Nb4 Nc7 50. Bc2 Ke8 51. Nd3 a5 52. Nde5 Nxe5 53. Nxe5 Bd6 54. Bd3 Bxe5 55. dxe5 Ba6 56. b4 axb4 57. Bxb4 Kd7 58. a5 bxa5 59. Bxa5 Bxd3+ 60. Kxd3 Nb5 1/2-1/2

[Event "Nova Gorica op-B 12th"]
[Site "Nova Gorica"]
[Date "2007.01.29"]
[Round "7"]
[White "Leban, Matej"]
[Black "Skrinjar, Matic"]
[Result "1/2-1/2"]
[WhiteElo "1957"]
[BlackElo "1783"]
[PlyCount "72"]
[EventDate "2007.01.26"]
[EventType "swiss"]
[EventRounds "9"]
[EventCountry "SLO"]
[SourceTitle "CBM 116 Extra"]
[Source "ChessBase"]
[SourceDate "2007.03.07"]
[SourceVersion "1"]
[SourceVersionDate "2007.03.07"]
[SourceQuality "1"]

1. d4 d5 2. c4 e6 3. g3 Nf6 4. Bg2 Bb4+ 5. Bd2 Bxd2+ 6. Nxd2 c6 7. Ngf3 Nbd7 8. 0-0 0-0 9. Qc2 Re8 10. e4 dxe4 11. Nxe4 Nxe4 12. Qxe4 Qf6 13. Rfe1 Nb6 14. b3 Bd7 15. Rad1 Rad8 16. Qe3 Kf8 17. Ne5 Qe7 18. f4 Bc8 19. Qc3 Qc7 20. b4 Kg8 21. Rd2 Kf8 22. Red1 Kg8 23. Qc2 g6 24. Qc3 Re7 25. Ng4 f5 26. Nh6+ Kf8 27. d5 Rg7 28. Qf6+ Ke8 29. dxe6 Rxd2 30. Rxd2 Qe7 31. Qd4 Bxe6 32. Bf1 Kf8 33. Re2 Nc8 34. Qe5 Bd7 35. Qc7 Be6 36. Qe5 Bd7 1/2-1/2

[Event "Nova Gorica op-B 12th"]
[Site "Nova Gorica"]
[Date "2007.01.27"]
[Round "2"]
[White "Laco, Giuseppe"]
[Black "Leban, Matej"]
[Result "1-0"]
[WhiteElo "2153"]
[BlackElo "1957"]
[PlyCount "55"]
[EventDate "2007.01.26"]
[EventType "swiss"]
[EventRounds "9"]
[EventCountry "SLO"]
[SourceTitle "CBM 116 Extra"]
[Source "ChessBase"]
[SourceDate "2007.03.07"]
[SourceVersion "1"]
[SourceVersionDate "2007.03.07"]
[SourceQuality "1"]

1. c4 e6 2. e3 Nf6 3. d3 d5 4. b4 Be7 5. Bb2 0-0 6. c5 a6 7. d4 Nc6 8. Bd3 Qe8 9. Qc2 h6 10. h3 b5 11. Bc3 Nd7 12. f4 f5 13. Nf3 Nf6 14. 0-0 Bd8 15. Nbd2 Ne4 16. a4 Rb8 17. axb5 axb5 18. Ra2 Bf6 19. Nb3 Bb7 20. Rfa1 Qd7 21. Be1 Bc8 22. Qe2 Ne7 23. Ra7 Kh7 24. Ne5 Bxe5 25. dxe5 Bb7 26. Bxb5 Bc6 27. Bd3 Bb5 28. Bxb5 1-0

[Event "Nova Gorica op-B 12th"]
[Site "Nova Gorica"]
[Date "2007.01.27"]
[Round "4"]
[White "Vrban, Rok"]
[Black "Leban, Matej"]
[Result "0-1"]
[WhiteElo "1704"]
[BlackElo "1957"]
[PlyCount "88"]
[EventDate "2007.01.26"]
[EventType "swiss"]
[EventRounds "9"]
[EventCountry "SLO"]
[SourceTitle "CBM 116 Extra"]
[Source "ChessBase"]
[SourceDate "2007.03.07"]
[SourceVersion "1"]
[SourceVersionDate "2007.03.07"]
[SourceQuality "1"]

1. e4 c5 2. Nf3 d6 3. d4 cxd4 4. Nxd4 Nf6 5. Nc3 a6 6. Bg5 e6 7. f4 Be7 8. Qf3 Qc7 9. Bd3 Nc6 10. Nb3 b5 11. a3 Bb7 12. 0-0 h6 13. Bh4 Nxe4 14. Bxe4 Bxh4 15. f5 Ne5 16. Qh5 Bxe4 17. Nxe4 exf5 18. Nc3 Bd8 19. Qxf5 0-0 20. Qe4 Qc4 21. Qd5 Bb6+ 22. Kh1 Bc5 23. Nd2 Qh4 24. Qe4 Ng4 25. Nf3 Nf2+ 26. Rxf2 Qxf2 27. Nd5 Rae8 28. Qg4 Re6 29. Nf4 Rf6 30. Nd5 Re6 31. h3 Kh8 32. Nf4 Rf6 33. Re1 Qxc2 34. Re2 Qf5 35. Nh5 Qxg4 36. hxg4 Re6 37. Rc2 a5 38. Kh2 Rfe8 39. b4 axb4 40. axb4 Bxb4 41. Rc7 R6e7 42. Rc6 Bc5 43. g5 hxg5 44. Nxg5 b4 0-1

[Event "Nova Gorica op-B 12th"]
[Site "Nova Gorica"]
[Date "2007.01.26"]
[Round "1"]
[White "Leban, Matej"]
[Black "Asanin, Svarun"]
[Result "1-0"]
[WhiteElo "1957"]
[BlackElo "1500"]
[PlyCount "35"]
[EventDate "2007.01.26"]
[EventType "swiss"]
[EventRounds "9"]
[EventCountry "SLO"]
[SourceTitle "CBM 116 Extra"]
[Source "ChessBase"]
[SourceDate "2007.03.07"]
[SourceVersion "1"]
[SourceVersionDate "2007.03.07"]
[SourceQuality "1"]

1. d4 d5 2. c4 dxc4 3. e4 Be6 4. Nc3 Nf6 5. Nf3 Bg4 6. Bxc4 Bxf3 7. gxf3 Nc6 8. Be3 e6 9. Rg1 g6 10. Qd2 Bb4 11. 0-0-0 Bxc3 12. Qxc3 0-0 13. Bg5 a6 14. d5 Nb8 15. Bxf6 Qd7 16. dxe6 Qe8 17. exf7+ Rxf7 18. Rd8 1-0

[Event "SLO-chT 16th"]
[Site "Ljubljana"]
[Date "2006.07.06"]
[Round "6"]
[White "Leban, Matej"]
[Black "Benko, Bostjan"]
[Result "1/2-1/2"]
[WhiteElo "1972"]
[BlackElo "1819"]
[PlyCount "42"]
[EventDate "2006.07.03"]
[EventType "team"]
[EventRounds "9"]
[EventCountry "SLO"]
[SourceTitle "EXT 2008"]
[Source "ChessBase"]
[SourceDate "2007.11.25"]
[SourceVersion "1"]
[SourceVersionDate "2007.11.25"]
[SourceQuality "1"]

1. e4 c5 2. Nf3 g6 3. d4 cxd4 4. Nxd4 Nc6 5. Nc3 Bg7 6. Nb3 Nf6 7. Be2 a6 8. 0-0 0-0 9. f4 d6 10. Be3 b5 11. Bf3 Bb7 12. a3 Qc7 13. Qe2 Rac8 14. Rad1 Na5 15. Nxa5 Qxa5 16. Bd4 b4 17. axb4 Qxb4 18. Rfe1 e5 19. fxe5 Nd7 20. Nd5 Bxd5 21. exd5 Bxe5 1/2-1/2

[Event "SLO-chT"]
[Site "Bled"]
[Date "2005.11.12"]
[Round "8"]
[White "Brecevic, Roman"]
[Black "Leban, Matej"]
[Result "1/2-1/2"]
[WhiteElo "2086"]
[BlackElo "1982"]
[PlyCount "108"]
[EventDate "2005.11.03"]
[EventType "team"]
[EventRounds "9"]
[EventCountry "SLO"]
[SourceTitle "CBM 109 Extra"]
[Source "ChessBase"]
[SourceDate "2006.01.03"]
[SourceVersion "2"]
[SourceVersionDate "2006.01.03"]
[SourceQuality "1"]

1. e4 c5 2. Nf3 d6 3. d4 cxd4 4. Nxd4 Nf6 5. Nc3 g6 6. Be2 Bg7 7. 0-0 0-0 8. Be3 Nc6 9. Qd2 Ng4 10. Bxg4 Bxg4 11. h3 Bd7 12. Rad1 Ne5 13. b3 a6 14. a4 Re8 15. Nce2 Rc8 16. f4 Nc6 17. f5 Ne5 18. c4 Rb8 19. fxg6 hxg6 20. Nf3 Bc6 21. Nxe5 Bxe5 22. Qc2 b6 23. Bd4 Qc7 24. Qd3 Qb7 25. Nc3 b5 26. Bxe5 dxe5 27. axb5 axb5 28. Qf3 Rf8 29. cxb5 Bxb5 30. Nxb5 Qxb5 31. Rd3 Rb6 32. Qe3 Kg7 33. Rb1 e6 34. Rc3 Rc6 35. Rxc6 Qxc6 36. Rc1 Qd6 37. Rc3 Rd8 38. Kh2 Qd4 39. Qf3 Rd7 40. Qe3 Qxe3 41. Rxe3 Rd4 42. g4 Rb4 43. g5 Rd4 44. Kg3 Kg8 45. Kf3 Kg7 46. Rc3 Kg8 47. Ke3 Rb4 48. Kf3 Kg7 49. Re3 Rd4 50. Kg4 Kg8 51. h4 Kg7 52. Kf3 Kg8 53. Rc3 Rb4 54. Ke3 Kg7 1/2-1/2

[Event "SLO-ch 15th"]
[Site "Ptuj"]
[Date "2005.08.14"]
[Round "4"]
[White "Leban, Matej"]
[Black "Krivec, Jana"]
[Result "1/2-1/2"]
[WhiteElo "2010"]
[BlackElo "2270"]
[PlyCount "57"]
[EventDate "2005.08.12"]
[EventType "swiss"]
[EventRounds "9"]
[EventCountry "SLO"]
[SourceTitle "CBM 107 Extra"]
[Source "ChessBase"]
[SourceDate "2005.09.01"]
[SourceVersion "1"]
[SourceVersionDate "2005.09.01"]
[SourceQuality "1"]

1. e4 c5 2. Nf3 Nc6 3. d4 cxd4 4. Nxd4 g6 5. Nc3 Bg7 6. Be3 Nf6 7. Bc4 Qa5 8. 0-0 0-0 9. f3 d6 10. Qd2 Bd7 11. Rad1 Rac8 12. Bb3 Rfe8 13. Qf2 a6 14. Nde2 Qc7 15. Nf4 b5 16. Nfd5 Nxd5 17. Nxd5 Qb7 18. c3 Ne5 19. Bd4 Nc4 20. Bxg7 Kxg7 21. f4 Be6 22. Rd3 Bxd5 23. Rxd5 Qb6 24. Bxc4 Qxf2+ 25. Kxf2 Rxc4 26. Ke3 Rec8 27. Rf2 R8c7 28. Rfd2 R4c6 29. Rd1 1/2-1/2

[Event "SLO-ch 15th"]
[Site "Ptuj"]
[Date "2005.08.12"]
[Round "1"]
[White "Leban, Matej"]
[Black "Zorko, Jure"]
[Result "0-1"]
[WhiteElo "2010"]
[BlackElo "2335"]
[PlyCount "104"]
[EventDate "2005.08.12"]
[EventType "swiss"]
[EventRounds "9"]
[EventCountry "SLO"]
[SourceTitle "CBM 107 Extra"]
[Source "ChessBase"]
[SourceDate "2005.09.01"]
[SourceVersion "1"]
[SourceVersionDate "2005.09.01"]
[SourceQuality "1"]

1. e4 c5 2. Nf3 Nc6 3. d4 cxd4 4. Nxd4 e5 5. Nb5 d6 6. N1c3 a6 7. Na3 b5 8. Nd5 Nce7 9. c4 Nxd5 10. Qxd5 Be6 11. Qd1 Nf6 12. f3 Be7 13. Be2 Rc8 14. b3 bxc4 15. Nxc4 d5 16. exd5 Nxd5 17. 0-0 Nc3 18. Qe1 Nxe2+ 19. Qxe2 Bxc4 20. bxc4 Qd4+ 21. Be3 Qxc4 22. Qxc4 Rxc4 23. Rfc1 Rxc1+ 24. Rxc1 Kd7 25. Rb1 Rc8 26. Rb7+ Rc7 27. Rb6 Rc6 28. Rb2 f5 29. Kf1 Ke6 30. Re2 Bf6 31. Kf2 Rc4 32. Rb2 Ra4 33. Rc2 Kd5 34. Rc5+ Kd6 35. Rc2 e4 36. fxe4 fxe4 37. Ke2 h5 38. Kf2 Be5 39. h3 Ke6 40. g4 hxg4 41. hxg4 Bd6 42. Ke2 Ra3 43. Kf2 Kf6 44. Ke2 g5 45. Bc5 Bxc5 46. Rxc5 Rg3 47. Rc6+ Ke5 48. Rxa6 Rxg4 49. Ra5+ Kf4 50. Ra4 Rg2+ 51. Kf1 Rb2 52. Ra8 g4 0-1

[Event "Nova Gorica op-B 10th"]
[Site "Nova Gorica"]
[Date "2005.02.02"]
[Round "8"]
[White "Nardin, Flavij"]
[Black "Leban, Matej"]
[Result "0-1"]
[WhiteElo "2062"]
[BlackElo "1603"]
[PlyCount "48"]
[EventDate "2005.01.28"]
[EventType "swiss"]
[EventRounds "9"]
[EventCountry "SLO"]
[SourceTitle "CBM 104 Extra"]
[Source "ChessBase"]
[SourceDate "2005.03.01"]
[SourceVersion "1"]
[SourceVersionDate "2005.03.01"]
[SourceQuality "1"]

1. d4 Nf6 2. c4 e5 3. d5 Bc5 4. Nc3 d6 5. Bg5 Bxf2+ 6. Kd2 Bd4 7. Bxf6 Qxf6 8. e3 Bb6 9. Qf3 Qh6 10. g4 0-0 11. h4 f5 12. g5 Qg6 13. Be2 Nd7 14. Qh5 Qxh5 15. Bxh5 a5 16. Nh3 Nc5 17. Rhf1 f4 18. Rh1 fxe3+ 19. Ke2 Bf5 20. b3 Nd3 21. Bf3 Bd4 22. Ne4 Bxh3 23. Kxd3 Bxa1 24. Rxa1 Rxf3 0-1